| 000 | 00474nam a2200157Ia 4500 | ||
|---|---|---|---|
| 008 | 240729s9999 xx 000 0 und d | ||
| 022 | _a2782-6341 | ||
| 245 | 0 | _aiPolytech Journal | |
| 260 | _aRussian Federation | ||
| 260 | _bIrkutsk National Research Technical University | ||
| 650 | _a Engineering (General). Civil engineering (General) | ||
| 650 | _aTechnology | ||
| 856 | _uhttps://doaj.org/toc/5f247de3492448f0af9d6c1910e0e80c | ||
| 942 | _2ddc | ||
| 942 | _cDOAJEJ | ||
| 999 |
_c68154 _d68154 |
||
| 945 |
_a1 _bMadushi Gamage _c1 _dMadushi Gamage |
||